ბათუმის შოთა რუსთაველის სახელმწიფო უნივერსიტეტის ბიბლიოთეკა

Техника безопасности при проектировании и освоении нефтехимических предприятий. (ბიბ.ჩანაწერი № 38221)

000 -LEADER
fixed length control field 00766nam a2200205Ia 4500
001 - CONTROL NUMBER
control field 4211
003 - CONTROL NUMBER IDENTIFIER
control field GE_BSU
008 - FIXED-LENGTH DATA ELEMENTS--GENERAL INFORMATION
fixed length control field 181216s||||||||xx |||||||||||||| ||und||
040 ## - CATALOGING SOURCE
Transcribing agency GE_BSU
080 ## - UNIVERSAL DECIMAL CLASSIFICATION NUMBER
Universal Decimal Classification number 658.382.3
100 ## - MAIN ENTRY--PERSONAL NAME
Personal name Брейман,М.И. Гражданов,Д.Е.
245 ## - TITLE STATEMENT
Title Техника безопасности при проектировании и освоении нефтехимических предприятий.
245 ## - TITLE STATEMENT
Statement of responsibility, etc. Ред. В. П. Кушелев.
260 ## - PUBLICATION, DISTRIBUTION, ETC.
Place of publication, distribution, etc. М.
260 ## - PUBLICATION, DISTRIBUTION, ETC.
Name of publisher, distributor, etc. Химия.
260 ## - PUBLICATION, DISTRIBUTION, ETC.
Date of publication, distribution, etc. 1972.
300 ## - PHYSICAL DESCRIPTION
Extent 294стр. 20 см.
653 ## - INDEX TERM--UNCONTROLLED
Uncontrolled term Техника безопасности при проектировании и освоении нефтехимических предприятий.
942 ## - ADDED ENTRY ELEMENTS (KOHA)
Koha item type წიგნი
ეგზემპლარები
Withdrawn status Lost status Damaged status Not for loan Date acquired Barcode Date last seen Price effective from Koha item type Public note
        2018-12-17 9545 2018-12-17 2018-12-17 წიგნი საცავი